000 00310nam a2200133Ia 4500
008 100328s9999 xx 000 0 und d
082 _b56633
100 _aRoberts Nora
245 _aHeart Of The Sea
260 _bBerkley Pub.
630 _aHeart Of The Sea
730 _aHeart Of The Sea
942 _cBOOK
999 _c543158
_d543155